AS Roma Squad 2018-2019 - Statistics

General Stats
  • This quiz has been taken 41 times
  • The average score is 19 of 27
Answer Stats
# Position Nation Player % Correct
9 FW Bosnia and Herzegovina Edin Džeko
97%
1 GK Sweden Robin Olsen
94%
44 DF Greece Kōnstantinos Manōlas
91%
11 DF Serbia Aleksandar Kolarov
86%
7 MF Italy Lorenzo Pellegrini
86%
3 DF Italy Luca Pellegrini
86%
20 DF Argentina Federico Fazio
83%
14 FW Czech Republic Patrik Schick
83%
92 FW Italy Stephan El Shaarawy
83%
2 DF Netherlands Rick Karsdorp
80%
4 MF Italy Bryan Cristante
77%
17 FW Turkey Cengiz Ünder
77%
16 MF Italy Daniele De Rossi
77%
8 FW Argentina Diego Perotti
74%
24 DF Italy Alessandro Florenzi
66%
- Coach Italy Eusebio Di Francesco
66%
5 DF Brazil Juan Jesus
66%
34 FW Netherlands Justin Kluivert
63%
83 GK Italy Antonio Mirante
60%
- Coach Italy Claudio Ranieri
60%
22 MF Italy Nicolò Zaniolo
60%
42 MF France Steven N'Zonzi
60%
63 GK Brazil Daniel Fuzato
57%
27 MF Argentina Javier Pastore
54%
15 DF Spain Iván Marcano
49%
19 MF Croatia Ante Ćorić
40%
18 DF Italy Davide Santon
37%
No matching quizzes found
Score Distribution
Percent of People with Each Score
Percentile by Number Answered
Your Score History
You have not taken this quiz